000 01047cab a2200241 4500
001 ABS53312
008 090401t1995 xxu||||| |||| 00| 0 eng d
035 _a(Sirsi) u3462
041 _aeng
245 _aHellings and another v Parker Breslin Estates
260 _c1995
350 _a0
490 _aEstates Gazette
_v(1995) 29 EG 119-121(3)
520 _aChD 12 July 1994. Owners of a property unable to recover possession of their flat to sell it sued the letting agents, who were found negligent in failing to warn the owners of the let property that they would not recover possession under Rent Act 1977 Sch 15, Case 11 unless they required the flat for residence.
650 _aLETTING AGENTS
650 _aNEGLIGENCE
650 _aRENT ACT 1977 SCH15 CASE 11
650 _aPROPERTY-RESIDENTIAL PROPERTY-RESIDENTIAL LANDLORD AND TENANT-RESIDENTIAL TENANCIES
690 _aLANDLORD AND TENANT-CASE LAW-RESIDENTIAL TENANCIES
690 _aMANAGEMENT-BUSINESS MANAGEMENT-PROFESSIONAL PRACTICE
942 _n0
948 _c04/03/1997
999 _c2128
_d2128